| 000 | 00986cam a22002411ia4500 | ||
|---|---|---|---|
| 003 | SA-RiAUC | ||
| 005 | 20250516130918.0 | ||
| 008 | 250409s2015 ua g 000 0 ara c | ||
| 040 |
_aSA-MaUQU _bara _cSA-RiAUC _erda |
||
| 082 | 0 | 4 |
_a260 _qSA-RiAUC |
| 090 |
_a260 _bز ر و |
||
| 100 | 1 |
_aزروق، أحمد بن أحمد بن محمد، _d846-899 هجري _eمؤلف. |
|
| 245 | 1 | 2 |
_aالمرشد المعرف بمعاني أسرار قواعد التصوف / _cأحمد زروق ؛ شرح وتحليل طه حبيشي. |
| 264 | 1 |
_aالقاهرة : _bمكتبة الإيمان للطباعة والنشر، _c2015 |
|
| 300 |
_a5 مجلد ؛ _c24 سم |
||
| 336 |
_aنص _btxt _2rdacontent _3كتاب |
||
| 337 |
_aبدون وسيط _bn _2rdamedia |
||
| 338 |
_aمجلد _bnc _2rdacarrier |
||
| 650 | 7 |
_aالتصوف الإسلامي _2aucsh |
|
| 700 | 1 |
_aحبيشي، طه الدسوقي مهدي، _d1944- _eشارح. |
|
| 942 |
_2ddc _cBOOK |
||
| 949 |
_aSA-JeALM _d250409 _ukhaled123 _n1 |
||
| 999 |
_c6795 _d6795 |
||